Gaming Quiz

Random Gaming or World Quiz

Call of Duty:World at War Weapons Quiz Stats

Quiz not verified by Sporcle

Challenge
Share
Tweet
Embed
Score 0/33 Timer 05:00
0 Plays Today
Category Weapon % Correct
Sub Machine GunThompson
81.7%
Sub Machine GunMP40
76.1%
Bolt Action RifleSpringfield
73.2%
RifleM1 Garand
70.4%
Primary GrenadeFrag
70.4%
Sub Machine GunPPSh-41
69%
Secondary GrenadeSmoke
64.8%
ShotgunM1897 Trenchgun
63.4%
Machine GunMG42
60.6%
RifleM1A1 Carbine
57.7%
Machine GunBAR
57.7%
PistolColt M1911
56.3%
Machine GunBrowning
54.9%
Sub Machine GunType 100
53.5%
Pistol.357 Magnum
50.7%
Bolt Action RifleKar98k
49.3%
Machine GunType 99
49.3%
Category Weapon % Correct
RifleStG44
46.5%
Bolt Action RifleArisaka
45.1%
Bolt Action RifleMosin Nagant
43.7%
Bolt Action RiflePTRS-41
43.7%
Primary GrenadeStickey
43.7%
RifleGewehr 43
40.8%
PistolNambu
40.8%
PistolWalther P38
40.8%
Machine GunDP-28
38%
Machine GunFG42
38%
RifleSVT-40
35.2%
Primary GrenadeMolotov Cocktail
32.4%
PistolTokarev TT-33
25.4%
ShotgunDouble-Barreled Shotgun
21.1%
Secondary GrenadeTabun Gas
21.1%
Secondary GrenadeSignal Flare
19.7%

You're not logged in!

Compare scores with friends on all Sporcle quizzes.
Sign Up with Email
OR
Log In

You Might Also Like...

Show Comments

Extras

Top Quizzes Today


Score Distribution

Your Account Isn't Verified!

In order to create a playlist on Sporcle, you need to verify the email address you used during registration. Go to your Sporcle Settings to finish the process.

Report this User

Report this user for behavior that violates our Community Guidelines.

Details: